Sử dụng DSSAT và cân bằng đạm cho phát triển tiềm năng sản xuất các mô hình lúa - màu : Báo cáo tổng kết đề tài khoa học và công nghệ cấp Trường
Nội dung đề tài khảo sát hiện trạng sản xuất và thu tập dữ liệu về môi trường đất đai, thời tiết, kỹ thuật canh tác trên vùng có các mô hình canh tác điển hình tại Bình Minh, Vĩnh Long.
Tallennettuna:
| Päätekijä: | |
|---|---|
| Aineistotyyppi: | Kirja |
| Kieli: | Undetermined |
| Julkaistu: |
Cần Thơ
Trường Đại học Cần Thơ
2007
|
| Aiheet: | |
| Tagit: |
Lisää tagi
Ei tageja, Lisää ensimmäinen tagi!
|
| Thư viện lưu trữ: | Trung tâm Học liệu Trường Đại học Cần Thơ |
|---|
| LEADER | 01217nam a2200217Ia 4500 | ||
|---|---|---|---|
| 001 | CTU_204887 | ||
| 008 | 210402s9999 xx 000 0 und d | ||
| 082 | |a 631.58 | ||
| 082 | |b H556 | ||
| 100 | |a Ngô, Ngọc Hưng | ||
| 245 | 0 | |a Sử dụng DSSAT và cân bằng đạm cho phát triển tiềm năng sản xuất các mô hình lúa - màu : | |
| 245 | 0 | |b Báo cáo tổng kết đề tài khoa học và công nghệ cấp Trường | |
| 245 | 0 | |c Ngô Ngọc Hưng (Chủ nhiệm đề tài) ; Nguyễn Kim Quyên, Phan Toàn Nam (tham gia thực hiện) | |
| 260 | |a Cần Thơ | ||
| 260 | |b Trường Đại học Cần Thơ | ||
| 260 | |c 2007 | ||
| 520 | |a Nội dung đề tài khảo sát hiện trạng sản xuất và thu tập dữ liệu về môi trường đất đai, thời tiết, kỹ thuật canh tác trên vùng có các mô hình canh tác điển hình tại Bình Minh, Vĩnh Long. | ||
| 650 | |a Lúa,Rice,Hệ thống canh tác,Cropping systems | ||
| 650 | |x Nghiên cứu,Research | ||
| 904 | |i Tuyến | ||
| 980 | |a Trung tâm Học liệu Trường Đại học Cần Thơ | ||